000 00720nam a2200241Ia 4500
003 OSt
005 20220918194838.0
006 a|||||r|||| 00| 0
007 ta
008 220917b |||||||| |||| 00| 0 eng d
024 _a81,951
037 _cTextual
040 _aARTS
_cARTS
_beng
041 _2eng
_aeng
082 _aS:7:6, L0-;1
100 _aHutt S J
_987467
245 0 _aDirect observation and measurement of behavior
260 _c1970
490 _aAmerican lecture series : a monographs in the bannerstone division of American lectures in radiation therapy ed by I Newton Kugelmass
650 _aPSYCHOLOGY
942 _hS:7:6, L0-;1
_cTEXL
_2CC
999 _c205673
_d205673